Offshore oil and gas : a guide to sources of information /

Bibliographic Details
Main Author: Ardern, R. J.
Format: Book
Language:English
Published: London : Capital Planning Information Ltd., 1978.
Series:CPI information reviews ; no. 2.
Subjects:

MARC

Tag First Indicator Second Indicator Subfields
LEADER 00000cam a2200000 a 4500
001 in00000075739
005 20151008054837.0
008 801229s1978 enkb b 00110 engm
010 |a  80514147  
015 |a GB80-80098 
020 |a 0906011019 (pbk.) 
035 |a (OCoLC)07463489 
035 |9 AAJ1841AM 
040 |a DLC  |c DLC  |d m.c.  |d TXA  |d UtOrBLW 
043 |a e-uk--- 
049 |a TXAM  |c [387511] 
050 0 0 |a HD9571.5  |b .A75 
082 0 |a 016.5532/8  |2 19 
100 1 |a Ardern, R. J. 
245 1 0 |a Offshore oil and gas :  |b a guide to sources of information /  |c compiled by Richard Ardern. 
264 1 |a London :  |b Capital Planning Information Ltd.,  |c 1978. 
300 |a 69 pages :  |b map ;  |c 30 cm. 
336 |a text  |b txt  |2 rdacontent 
337 |a unmediated  |b n  |2 rdamedia 
338 |a volume  |b nc  |2 rdacarrier 
490 1 |a CPI information reviews ;  |v no. 2 
504 |a Includes bibliographical references and indexes. 
650 0 |a Offshore oil industry  |x Information services  |z Great Britain. 
650 0 |a Offshore gas industry  |x Information services  |z Great Britain. 
830 0 |a CPI information reviews ;  |v no. 2. 
999 |a MARS 
999 f f |s cda2a173-1778-3b36-abeb-67007fe96dba  |i 64821a4a-8730-3711-8540-8c6fe4e50a09  |t 0 
952 f f |p ric  |a Texas A&M University  |b Rellis Campus  |c Joint Library Facility  |d Remote Storage  |t 0  |e HD9571.5 .A75  |h Library of Congress classification  |i unmediated -- volume  |m A14806131482 
998 f f |a HD9571.5 .A75  |t 0  |l Remote Storage